000 00782nam a2200229 a 4500
001 000043629
005 20201002044904.0
008 140331s1970 sp 000 0 spa d
040 _aDO-SdBNP
_bspa
_cBNPHU
082 _a862.5
_a861.5
_bR618d
100 1 _aRivas, Ángel de Saavedra
_cDuque de
_d1791-1865
_98738
245 1 0 _aDon Alvaro o la fuerza del sino :
_bRomances /
_cDuque de Rivas; prólogo Milagros F. Poza.
260 _aMadrid :
_bLibra,
_c1970.
300 _a177 p. ;
_c17 cm.
490 1 _aPurpura
_v26
500 _aDos obras encuadernadas juntas con paginación continua
650 4 _aTeatro español
_93071
650 4 _aLiteratura española
_9632
650 4 _aPoesía española
_9631
700 1 2 _aPoza, Milagros F.
_eprol.
_913757
830 0 _aPurpura
_n26
_971462
999 _c43118
_d43118